Statistics for NASCAR Cup Winners at Chicagoland Speedway

Click here to take the quiz!

General Stats

  • This quiz has been taken 11 times
  • The average score is 15 of 19

Answer Stats

YearWinner% Correct
2006Jeff Gordon
100%
2008 | 2018Kyle Busch
100%
2004 | 2007 | 2011Tony Stewart
91%
2016 | 2017Martin Truex Jr
91%
2013Matt Kenseth
82%
2015Denny Hamlin
82%
2001 | 2002Kevin Harvick
73%
2005Dale Earnhardt Jr
73%
2009Mark Martin
73%
2012 | 2014Brad Keselowski
73%
2019Alex Bowman
73%
2003Ryan Newman
64%
2010David Reutimann
55%

Score Distribution

Percentile by Number Answered

Percent of People with Each Score

Your Score History

You have not taken this quiz